Statistics for Iraqi Refugees by Country

Click here to take the quiz!

General Stats

  • This quiz has been taken 72 times
  • The average score is 31 of 39

Answer Stats

PopulationCountry% Correct
204,000Iran
98%
140,000United States
97%
125,000Turkey
95%
150,000Syria
94%
107,351United Kingdom
94%
310,000Germany
92%
79,732Sweden
92%
150,000Egypt
91%
40,000Saudi Arabia
91%
49,680Canada
89%
9,500France
89%
72,000Lebanon
89%
50,000Russia
89%
1,706Spain
89%
300,000Jordan
88%
33,924Norway
88%
100,000United Arab Emirates
88%
7,835Italy
85%
2,445Kuwait
83%
649Portugal
83%
1,400Greece
82%
80,000Australia
80%
8,976Qatar
80%
5,559Austria
78%
12,000Belgium
78%
340Ireland
78%
43,000Netherlands
78%
11,000Finland
77%
13,000Denmark
75%
30,000Israel
75%
5,000Switzerland
75%
1,200Bulgaria
72%
6,024New Zealand
66%
131,000Brazil
65%
450Romania
65%
20,000Algeria
60%
1,200Hungary
54%
37,000Argentina
52%
25,000Puerto Rico
2%

Score Distribution

Percentile by Number Answered

Percent of People with Each Score

Your Score History

You have not taken this quiz